MARC

LEADER 00000nam0a2200000 4500
001 151326
005 20231101221542.0
020 |a RU  |b 82-38999 
035 |a (RuTPU)RU\TPU\book\164069 
090 |a 151326 
100 |a 20090122d1982 m y0rusy5003 ca 
101 0 |a rus 
102 |a RU 
105 |a a z 000ay 
200 1 |a Мятеж  |e роман  |f Д. А. Фурманов  |g авт. предисл. В. А. Еремин ; худож. В. Л. Гальдяев 
210 |a Москва  |c Правда  |d 1982 
215 |a 304 с.  |c ил.  |d 21 см. 
610 1 |a Иностранная военная интервенция 
610 1 |a Гражданская война 1918-1921 
610 1 |a советская литература 
610 1 |a романы 
675 |a Р2  |z rus 
700 1 |a Фурманов  |b Д. А.  |c русский писатель  |f 1891-1926  |g Дмитрий Андреевич  |2 stltpush  |3 (RuTPU)RU\TPU\pers\3633  |9 786 
702 1 |a Еремин  |b В. А.  |4 080 
702 1 |a Гальдяев  |b В. Л.  |4 440 
801 0 |a RU  |b RuMRKP  |c 19950704  |g psbo 
801 1 |a RU  |b 63413507  |c 20090122  |g PSBO 
801 2 |a RU  |b 63413507  |c 20090122  |g PSBO 
942 |c BK